| 000 | 00872nmm a2200217 4500 | ||
|---|---|---|---|
| 003 | BCEG | ||
| 005 | 20260204111805.0 | ||
| 008 | 260203s2001 mx |||||q|||||00| 0 spa|d | ||
| 020 | _a9701825225 | ||
| 040 |
_aBCEG _bspa _cBCEG |
||
| 084 | 0 | 4 | _aCDE286 |
| 245 | 1 |
_aCatálogo de la historieta mexicana del siglo XX _h[CD-ROM]. |
|
| 260 |
_aMéxico : _bInstituto Nacional de Arqueología e Historia : Centro Nacional Editor de Discos Compactos, Universidad de Colima, _c2001. |
||
| 300 |
_a1 CD-ROM : _bcol. _e+ 1 folleto (18 p.) |
||
| 505 |
_gFolleto [supl.]. _tCatálogo de la historieta mexicana del siglo XX. |
||
| 650 | 1 | 4 |
_aTiras cómicas, historietas, etc. _zMéxico _vhistoria y crítica _vMateriales de enseñanza. |
| 700 |
_aAurrecoechea, Juan Manuel, _epról. |
||
| 700 |
_aBarrera Bassols, Jacinto, _ecout. |
||
| 700 | 1 |
_aBartra, Armando, _eintrod. |
|
| 942 | _cCDROM | ||
| 999 |
_c437073 _d437073 |
||